000 00826nam a22002537a 4500
005 20170123162302.0
010 _aB-208820
020 _c140.00
_a8182231469
035 _aB-208820
037 _bCen Lib/Ret
040 _aDPL
_bUR
082 _a841
_bاوے
100 _aاویسی،جمال
_9142696
245 _a / شور کے درمیان
_cجمال اویسی
246 _aShor kr darmiyan
_bby Jamal Uwesi
260 _aدہلی
_bایجوکیشنل پبلشنگ ہاؤس
_c2006
270 _aگلی وکیل، کچہ پنڈت، لال کان
_bدہلی
_e110006
300 _a144p.
_c22cm(Hb)
650 _aاردو ادب
_x
_z
_9142697
650 _aاردو شاعری
_v
_9142698
650 _aUrdu adab
_9142699
650 _aUrdu Shayari
_9142700
942 _2ddc
_cUR
_h841
_mاوے
999 _c106052
_d106052